Clue [juego] : juego de cartas /
Guardado en:
| Formato: | Objeto Físico |
|---|---|
| Publicado: |
Argentina :
Toyco,
c2002.
|
| Materias: | |
| Etiquetas: |
Agregar Etiqueta
Sin Etiquetas, Sea el primero en etiquetar este registro!
|
| LEADER | 00914nrm a22001815g 4500 | ||
|---|---|---|---|
| 001 | CEM.cems019317 | ||
| 008 | 130507s2002##################0###0#####d | ||
| 005 | 20220830114453.0 | ||
| 003 | CEMS | ||
| 245 | 0 | 0 | |a Clue [juego] : |b juego de cartas / |c Hasbro : |
| 260 | |a Argentina : |b Toyco, |c c2002. | ||
| 300 | |a 1 juego (21 cartas-pistas, 39 cartas-acción detective, 9 marcadores-lugares destino,1 porta cartas giratorio plástico, 1 block de hojas, lápiz) ; en caja 14 x 24 x 8 cm. + manual de instrucciones. | ||
| 500 | |a Para 3 a 5 jugadores a partir de 8 años objetivo: ser el primero en resolver el crimen, mencionando quién es el autor del mismo, su paradero y su medio de locomoción. | ||
| 082 | 0 | 4 | |a J793.93 |
| 653 | |a 1. juegos de misterio | ||
| 653 | |a 2. juegos de intriga y deducción | ||
| 859 | |a CEMS |b BIB. CEMS - Ludoteca |h J793.93 |i H27 |p 301.03 |t Ej.1 | ||
| 859 | |a CEMS |b BIB. CEMS - Ludoteca |h J793.93 |i H27 |p 419.15 |t Ej.2 | ||
